Sustainable coastal management and climate adaptation : (Record no. 601151)

000 -LEADER
fixed length control field 00320nam a2200109Ia 4500
008 - FIXED-LENGTH DATA ELEMENTS--GENERAL INFORMATION
fixed length control field 230907s9999||||xx |||||||||||||| ||und||
082 ## - DEWEY DECIMAL CLASSIFICATION NUMBER
Classification number 333.720994
Author Mark SUS
245 #0 - TITLE STATEMENT
Title Sustainable coastal management and climate adaptation :
260 ## - PUBLICATION, DISTRIBUTION, ETC.
Place of publication, distribution, etc. CRC Press, CSIRO Publishing,
Name of publisher, distributor, etc. Australia :
Date of publication, distribution, etc. 2012
300 ## - PHYSICAL DESCRIPTION
Extent 222 p.
942 ## - ADDED ENTRY ELEMENTS (KOHA)
Koha item type Book
Holdings
Withdrawn status Lost status Damaged status Not for loan Permanent Location Current Location Date acquired Total Checkouts Full call number Barcode Date last seen Price effective from Koha item type
        US-Pakistan Center for Advanced Studies in Energy (USPCAS-E) US-Pakistan Center for Advanced Studies in Energy (USPCAS-E) 11/20/2019   333.720994 SUS CAS-E0005250 09/12/2023 09/12/2023 Book
© 2023 Central Library, National University of Sciences and Technology. All Rights Reserved.